LIBRARY & INFORMATION CENTRE, KCAET, TAVANUR

ONLINE PUBLIC ACCESS CATALOGUE (OPAC)

Guide to railway serveice examination / (Record no. 3104)

MARC details
000 -LEADER
fixed length control field 00392cam a2200169ua 4500
041 ## - LANGUAGE CODE
Language code of text/sound track or separate title eng
082 ## - DEWEY DECIMAL CLASSIFICATION NUMBER
Classification number 028.75
Item number DAS/GU
100 ## - MAIN ENTRY--AUTHOR NAME
Personal name Das, K .
245 ## - TITLE STATEMENT
Title Guide to railway serveice examination /
260 ## - PUBLICATION, DISTRIBUTION, ETC. (IMPRINT)
Place of publication :
Name of publisher Purabi Book Centre ,
Year of publication 1966.
300 ## - PHYSICAL DESCRIPTION
Number of Pages 208 ; .
942 ## - ADDED ENTRY ELEMENTS (KOHA)
Koha item type Books
Holdings
Withdrawn status Lost status Damaged status Home library Current library Date acquired Full call number Accession Number Koha item type
      KAUAET KAUAET 07/04/2012 028.75 9860 Reference
free website counter